Accidentes de tránsito en Costa Rica: segundo semestre y año 1968
Trata sobre los accidentes de tránsito ocurridos en Costa Rica durante el segundo semestre y en el año 1969. Dicha información, presentada en cuadros estadísticos, muestra los accidentes por centros de población, clase de carretera, hora del accidente y las condiciones en que ocurrió. CEM/mb
Gorde:
| Erakunde egilea: | |
|---|---|
| Formatua: | Texto |
| Argitaratua: |
San José :
|
| Gaiak: | |
| Etiketak: |
Etiketa erantsi
Etiketarik gabe, Izan zaitez lehena erregistro honi etiketa jartzen!
|
MARC
| LEADER | 00000 a a2200000 04500 | ||
|---|---|---|---|
| 001 | 13193 | ||
| 003 | |||
| 040 | |||
| 090 | |a 000400 | ||
| 110 | |a Costa Rica. Ministerio de Economía, Industria y Comercio. Dirección General de Estadística y Censos | ||
| 245 | |a Accidentes de tránsito en Costa Rica: segundo semestre y año 1968 | ||
| 260 | |a San José : | ||
| 300 | |a 59 p | ||
| 300 | |b **no definido** | ||
| 520 | |a Trata sobre los accidentes de tránsito ocurridos en Costa Rica durante el segundo semestre y en el año 1969. Dicha información, presentada en cuadros estadísticos, muestra los accidentes por centros de población, clase de carretera, hora del accidente y las condiciones en que ocurrió. CEM/mb | ||
| 650 | |a ACCIDENTES DE TRANSITO | ||
| 650 | |a REGULACION DEL TRANSITO | ||
| 650 | |a SEGURIDAD EN LAS CARRETERAS | ||
| 650 | |a TRAFICO | ||
| 650 | |a TRAFICO POR CARRETERA | ||
| 650 | |a ACCIDENTES DE TRANSITO | ||
| 650 | |a SEGURIDAD EN LAS CARRETERAS | ||
| 650 | |a CARRETERAS | ||
| 650 | |a TRAFICO | ||
| 650 | |a TRAFICO URBANO | ||
| 650 | |a PEATONES | ||
| 650 | |a TRANSITO | ||
| 650 | |a VEHICULOS | ||
| 999 | |c 12455 |d 12455 | ||
